[Event "Chinese Championship (Women)"]
[Site "Xinghua Jiangsu CHN"]
[Date "2011.04.03"]
[EventDate "2011.03.30"]
[Round "5"]
[Result "1/2-1/2"]
[White "Shen Yang"]
[Black "Qi Guo"]
[WhiteElo "2443"]
[BlackElo "2331"]
[PlyCount "60"]

1. d4 e6 2. c4 Nf6 3. Nf3 d5 4. Nc3 Bb4 5. Bg5 dxc4 6. e4 c5
7. Bxc4 cxd4 8. Nxd4 Bxc3+ 9. bxc3 Qa5 10. Bb5+ Bd7 11. Bxf6
gxf6 12. Qb3 O-O 13. O-O Bxb5 14. Nxb5 Nc6 15. Rad1 Rad8
16. Nd6 Qe5 17. Qa3 b6 18. Rd3 Qf4 19. Rfd1 Ne5 20. Rg3+ Kh8
21. h3 h5 22. Nxf7+ Nxf7 23. Rxd8 Rxd8 24. Qe7 h4 25. Rd3 Qc1+
26. Kh2 Qf4+ 27. Kg1 Qc1+ 28. Kh2 Qf4+ 29. Kg1 Qc1+ 30. Kh2
Qf4+ 1/2-1/2

[Event "Chinese Championship (Women)"]
[Site "Xinghua Jiangsu CHN"]
[Date "2011.04.04"]
[EventDate "2011.03.30"]
[Round "6"]
[Result "0-1"]
[White "Xu Tong"]
[Black "Shen Yang"]
[WhiteElo "2217"]
[BlackElo "2443"]
[PlyCount "77"]

1. e4 e5 2. Nf3 Nc6 3. Bb5 a6 4. Ba4 Nf6 5. O-O Be7 6. Re1 b5
7. Bb3 O-O 8. d3 Bb7 9. a4 d6 10. c3 Nd7 11. Nbd2 Nc5 12. Bc2
Nxa4 13. Bxa4 bxa4 14. Rxa4 Rb8 15. Nc4 Qd7 16. Ne3 Nd8
17. Nd5 Ne6 18. d4 exd4 19. Nxe7+ Qxe7 20. cxd4 h6 21. b4 d5
22. e5 f5 23. Ba3 Qd7 24. Ra5 Rf7 25. Qc2 Bc8 26. Qc3 Rb6
27. Rc1 f4 28. Ne1 f3 29. Nxf3 Nf4 30. Kf1 Qg4 31. g3 Nh3
32. Kg2 Bf5 33. Nd2 Nf4+ 34. Kh1 Ne2 35. Qe3 Nxc1 36. Bxc1
Qd1+ 37. Kg2 Qxc1 38. Rxd5 Qc6 39. e6 0-1

[Event "Chinese Championship (Women)"]
[Site "Xinghua Jiangsu CHN"]
[Date "2011.04.06"]
[EventDate "2011.03.30"]
[Round "7"]
[Result "1/2-1/2"]
[White "Shen Yang"]
[Black "Tan Zhongyi"]
[WhiteElo "2443"]
[BlackElo "2428"]
[PlyCount "81"]

1. d4 Nf6 2. c4 g6 3. Nc3 Bg7 4. e4 d6 5. Nf3 O-O 6. Be2 e5
7. O-O Nc6 8. d5 Ne7 9. b4 Nh5 10. g3 f5 11. Ng5 Nf6 12. f3
Ne8 13. c5 Kh8 14. Rb1 Bf6 15. Kg2 Nxd5 16. Nxd5 Bxg5 17. cxd6
cxd6 18. f4 Bf6 19. Nxf6 Nxf6 20. Bb2 Qe7 21. fxe5 dxe5
22. Bf3 Bd7 23. exf5 Bxf5 24. Rc1 Rac8 25. Qd2 Qe6 26. Rfe1
Rxc1 27. Qxc1 e4 28. Kh1 Kg7 29. Qc5 Qc6 30. Qxc6 bxc6 31. Be2
h5 32. Rc1 e3 33. Kg1 Kh6 34. Rxc6 Nd5 35. Bc1 Kh7 36. b5 Be4
37. Re6 Rf2 38. Bf1 Bf5 39. Re5 Rxa2 40. Bxe3 Nxe3 41. Rxe3
1/2-1/2

[Event "Chinese Championship (Women)"]
[Site "Xinghua Jiangsu CHN"]
[Date "2011.04.07"]
[EventDate "2011.03.30"]
[Round "8"]
[Result "1/2-1/2"]
[White "Zhang Xiaowen"]
[Black "Shen Yang"]
[WhiteElo "2344"]
[BlackElo "2443"]
[PlyCount "113"]

1. e4 e5 2. Nf3 Nc6 3. Bb5 Nge7 4. Nc3 Ng6 5. d4 Bd6 6. d5
Nce7 7. h4 c6 8. Bc4 b5 9. Bb3 b4 10. Ne2 f6 11. h5 Nf4
12. Bxf4 exf4 13. dxc6 dxc6 14. Qd3 Be5 15. Qc4 Rf8 16. Ned4
Qb6 17. Nxe5 fxe5 18. Nf3 Rf6 19. a3 Rb8 20. Ng5 h6 21. Nh7
Re6 22. axb4 Qxb4+ 23. Qxb4 Rxb4 24. Bxe6 Bxe6 25. O-O Nc8
26. f3 Rxb2 27. Rfd1 Rb7 28. Ra5 Rb5 29. Ra3 Rb8 30. Ra5 Rb5
31. Ra3 Rb8 32. Rad3 Ne7 33. Rd6 Bg8 34. Nf6+ gxf6 35. Rxf6 a5
36. Ra1 Ra8 37. Ra4 Bf7 38. Rxh6 Kd7 39. Ra1 a4 40. Rd1+ Ke8
41. Rh8+ Ng8 42. h6 Kf8 43. h7 Kg7 44. hxg8=Q+ Bxg8 45. Rh1 a3
46. Kf2 a2 47. Ke2 Ra3 48. Kd2 Kg6 49. Ra1 Ra6 50. Kc1 Be6
51. Rh8 Kg5 52. Re8 c5 53. Re7 Rb6 54. Rc7 Rb5 55. Re7 Rb6
56. Rc7 Rb5 57. Re7 1/2-1/2

[Event "Chinese Championship (Women)"]
[Site "Xinghua Jiangsu CHN"]
[Date "2011.04.08"]
[EventDate "2011.03.30"]
[Round "9"]
[Result "0-1"]
[White "Shen Yang"]
[Black "Wang Yu"]
[WhiteElo "2443"]
[BlackElo "2398"]
[PlyCount "86"]

1. d4 d5 2. c4 c6 3. Nf3 Nf6 4. Nc3 dxc4 5. a4 Na6 6. e4 Bg4
7. Bxc4 Bxf3 8. gxf3 e6 9. Be3 Be7 10. Qe2 Nb4 11. O-O-O O-O
12. Rhg1 Kh8 13. f4 b5 14. axb5 cxb5 15. Bb3 a5 16. Qxb5 a4
17. Bxa4 Qc7 18. Bc2 Ra5 19. Qe2 Na2+ 20. Kd2 Bb4 21. Qd3
Bxc3+ 22. bxc3 Ra3 23. Ra1 Rc8 24. f3 Rxc3 25. Rxa2 Rxd3+
26. Bxd3 Nh5 27. Rga1 Qd8 28. Be2 h6 29. Ra7 Qh4 30. Ra8 Rxa8
31. Rxa8+ Kh7 32. d5 Nxf4 33. h3 exd5 34. Bd1 Ng2 35. Bd4 Qe1+
36. Kc2 Ne3+ 37. Bxe3 Qxe3 38. exd5 Qc5+ 39. Kb2 Qxd5 40. Bc2+
g6 41. Ra3 Kg7 42. Rc3 Qe5 43. Kb3 Qe6+ 0-1

[Event "Chinese Championship (Women)"]
[Site "Xinghua Jiangsu CHN"]
[Date "2011.04.09"]
[EventDate "2011.03.30"]
[Round "10"]
[Result "1-0"]
[White "Zhao Xue"]
[Black "Shen Yang"]
[WhiteElo "2495"]
[BlackElo "2443"]
[PlyCount "99"]

1. d4 d5 2. c4 c6 3. Nf3 Nf6 4. e3 Bg4 5. Nc3 e6 6. Qb3 Qb6
7. Nh4 Bh5 8. h3 g5 9. Nf3 h6 10. Bd3 Rg8 11. cxd5 Qxb3
12. axb3 exd5 13. Bd2 Nbd7 14. Ke2 Bd6 15. b4 Ke7 16. b5 c5
17. g4 Bg6 18. Bxg6 fxg6 19. h4 cxd4 20. exd4 Nxg4 21. hxg5 h5
22. Nh4 Kf7 23. Raf1 Rge8+ 24. Kd3 Nh2 25. Rfg1 Nb6 26. b3 Ng4
27. Nd1 a6 28. f3 Nh2 29. Nc3 axb5 30. Nxb5 Bb8 31. Rg2 Re6
32. Rgxh2 Bxh2 33. Rxh2 Ra1 34. Bf4 Nc8 35. Nc3 Rc6 36. Nxd5
Rb1 37. b4 Rb3+ 38. Ke4 Re6+ 39. Be5 Nd6+ 40. Kf4 Nc4 41. Rc2
Rc6 42. Re2 Rd3 43. Bf6 Re6 44. Rxe6 Kxe6 45. Ne7 Rb3 46. d5+
Kf7 47. Nhxg6 Rxb4 48. Ne5+ Ke8 49. Nxc4 Rxc4+ 50. Kf5 1-0

[Event "Chinese League"]
[Site "Ningbo CHN"]
[Date "2011.04.12"]
[EventDate "2011.04.12"]
[Round "1"]
[Result "1-0"]
[White "Shen Yang"]
[Black "Mo Zhai"]
[WhiteElo "2443"]
[BlackElo "2136"]
[PlyCount "81"]

1. d4 Nf6 2. c4 e6 3. g3 d5 4. Bg2 Bb4+ 5. Bd2 Be7 6. Nf3 O-O
7. O-O c6 8. Qc2 b6 9. Rd1 Ba6 10. b3 Nbd7 11. Bf4 Nh5 12. Bc1
Rc8 13. a4 c5 14. dxc5 Bxc5 15. Qb2 Qe7 16. cxd5 exd5 17. e3
Nhf6 18. Nc3 Bb4 19. Bd2 Nc5 20. Nb5 Bxd2 21. Nxd2 Rfe8
22. Nf3 Nce4 23. Nfd4 g6 24. h3 h5 25. Rac1 Qd7 26. Nc3 Qe7
27. Nc6 Rxc6 28. Nxe4 Rxc1 29. Nxf6+ Qxf6 30. Qxc1 h4 31. gxh4
Qxh4 32. Qc6 Rc8 33. Qxd5 Qb4 34. Kh2 Qe7 35. Rd4 Kh7 36. Re4
Qc7+ 37. Rf4 Kg7 38. Qd4+ Kh7 39. Qf6 Rf8 40. Bd5 Be2 41. Bxf7
1-0

[Event "Chinese League"]
[Site "Ningbo CHN"]
[Date "2011.04.13"]
[EventDate "2011.04.12"]
[Round "2"]
[Result "0-1"]
[White "Jiaying Cai"]
[Black "Shen Yang"]
[WhiteElo "2082"]
[BlackElo "2443"]
[PlyCount "100"]

1. e4 e5 2. Nf3 Nc6 3. Bb5 a6 4. Ba4 Nf6 5. O-O b5 6. Bb3 Be7
7. Re1 d6 8. c3 O-O 9. d3 Na5 10. Bc2 c5 11. Nbd2 Nc6 12. Nf1
Re8 13. Ng3 Bf8 14. a4 b4 15. h3 Rb8 16. d4 Bd7 17. Bg5 Be7
18. dxc5 dxc5 19. Bb3 Qc8 20. Bd5 bxc3 21. bxc3 h6 22. Bxf6
Bxf6 23. Rb1 Qc7 24. Qd3 Rxb1 25. Rxb1 Rb8 26. Rd1 Bc8 27. Nh5
Be7 28. Bxc6 Qxc6 29. Nxe5 Qxa4 30. Re1 Rb6 31. Qg3 Bf8
32. Nf4 Bb7 33. Nd5 Re6 34. f4 Bd6 35. Nb6 Qc2 36. Nd5 a5
37. Nc4 Bxd5 38. Nxd6 Rxd6 39. exd5 Rxd5 40. Re8+ Kh7 41. Re7
Rf5 42. Qe3 a4 43. Ra7 h5 44. Ra8 h4 45. Kh2 c4 46. Ra7 Qd3
47. Qf2 g5 48. Rxa4 Rxf4 49. Qe1 Rf1 50. Qe5 Qb1 0-1

[Event "Chinese League"]
[Site "Ningbo CHN"]
[Date "2011.04.14"]
[EventDate "2011.04.12"]
[Round "3"]
[Result "0-1"]
[White "Shen Yang"]
[Black "Ju Wenjun"]
[WhiteElo "2443"]
[BlackElo "2519"]
[PlyCount "66"]

1. d4 Nf6 2. Nf3 g6 3. c4 Bg7 4. Nc3 O-O 5. e4 d6 6. Be2 e5
7. O-O Nc6 8. d5 Ne7 9. b4 Nh5 10. g3 f5 11. Ng5 Nf6 12. f3 f4
13. b5 fxg3 14. hxg3 Nh5 15. Kf2 h6 16. Ne6 Bxe6 17. dxe6 Qc8
18. Nd5 Qxe6 19. Nxc7 Qh3 20. Rg1 Nf6 21. Ke3 Rad8 22. a4 Qc8
23. b6 axb6 24. Nb5 Qc5+ 25. Kd2 d5 26. Kc2 dxe4 27. Qe1 exf3
28. Bxf3 Nfd5 29. Be2 Nb4+ 30. Kb3 Nd3 31. Ba3 Qe3 32. Bxd3
Rxd3+ 33. Nc3 Rf3 0-1

[Event "Chinese League"]
[Site "Chengdu CHN"]
[Date "2011.05.26"]
[EventDate "2011.04.12"]
[Round "4"]
[Result "0-1"]
[White "Gu Xiaobing"]
[Black "Shen Yang"]
[WhiteElo "2369"]
[BlackElo "2443"]
[PlyCount "88"]

1. c4 e6 2. Nc3 d5 3. cxd5 exd5 4. d4 c6 5. Nf3 Bf5 6. Bf4 Bd6
7. Bg3 Ne7 8. e3 O-O 9. Bd3 Re8 10. O-O Bxg3 11. hxg3 Nd7
12. b4 a6 13. a4 Nb6 14. Rb1 Nc4 15. b5 axb5 16. axb5 Ra3
17. Bxf5 Nxf5 18. Qc2 g6 19. Rb4 Qe7 20. Rxc4 dxc4 21. Ne5 Nd6
22. bxc6 bxc6 23. Nb1 Ra1 24. Nxc4 Nxc4 25. Qxc4 Qf6 26. Nd2
Rxf1+ 27. Nxf1 Ra8 28. g4 Ra1 29. Qc3 Ra2 30. Nd2 Qe6 31. Nf3
Qe4 32. Ne1 Qxg4 33. Qxc6 Qf5 34. Nf3 Qb1+ 35. Kh2 Qb8+
36. Ne5 Rxf2 37. Kh3 Qd8 38. Ng4 Rf1 39. g3 Kg7 40. Kg2 Rb1
41. d5 h5 42. Ne5 Qg5 43. Qc3 Qf6 44. d6 Qf1+ 0-1

[Event "Chinese League"]
[Site "Chengdu CHN"]
[Date "2011.05.27"]
[EventDate "2011.04.12"]
[Round "5"]
[Result "1-0"]
[White "Shen Yang"]
[Black "Huang Qian"]
[WhiteElo "2443"]
[BlackElo "2394"]
[PlyCount "61"]

1. d4 d6 2. e4 e5 3. Nf3 exd4 4. Nxd4 g6 5. Nc3 Bg7 6. Bc4 Nf6
7. f3 c6 8. Bb3 O-O 9. Bg5 h6 10. Be3 d5 11. exd5 cxd5 12. Qd2
Nc6 13. O-O-O Kh7 14. h4 Ne5 15. h5 g5 16. Kb1 Be6 17. Rde1
Ne8 18. f4 Nc4 19. Qd3+ Kh8 20. Bc1 Qb6 21. Nf5 Bxf5 22. Qxf5
gxf4 23. Nxd5 Qc5 24. Qxf4 Ned6 25. Nf6 Rad8 26. Rd1 Qe5
27. Ng4 Qxf4 28. Bxf4 f5 29. Nxh6 Ne5 30. Rhe1 Nec4 31. Bxc4
1-0

[Event "Chinese League"]
[Site "Chengdu CHN"]
[Date "2011.05.28"]
[EventDate "2011.04.12"]
[Round "6"]
[Result "1-0"]
[White "Shen Yang"]
[Black "Zhao Xue"]
[WhiteElo "2443"]
[BlackElo "2495"]
[PlyCount "107"]

1. d4 Nf6 2. c4 e6 3. Nf3 b6 4. g3 Bb4+ 5. Bd2 a5 6. Bg2 Bb7
7. O-O O-O 8. Bg5 Be7 9. Qc2 h6 10. Be3 Na6 11. Nc3 d5 12. Ne5
c5 13. Rad1 Rc8 14. Qb3 Rb8 15. cxd5 exd5 16. f4 Nc7 17. Qxb6
Nd7 18. Nxd7 Qxd7 19. dxc5 Bc6 20. Qxa5 Rb7 21. Ne4 Rxb2
22. Rd2 Ra8 23. Qc3 Rbxa2 24. Bf2 Nb5 25. Qc1 Rxd2 26. Nxd2
Bf6 27. Bf3 Ra2 28. Nb3 Nc3 29. Nd4 Bxd4 30. Bxd4 Nxe2+
31. Bxe2 Rxe2 32. Re1 Ra2 33. Qb1 Ra8 34. Qb2 f6 35. Qe2 Ra4
36. Qe6+ Qxe6 37. Rxe6 Bb5 38. Rb6 Bd3 39. Bb2 Rc4 40. c6 Bc2
41. Ra6 Be4 42. Kf1 Kh7 43. Ke1 d4 44. c7 d3 45. Ra4 d2+
46. Kxd2 Rc2+ 47. Kd1 Bg6 48. Ra7 Rc6 49. Bxf6 Bf7 50. Bb2 h5
51. f5 Bb3+ 52. Ke1 Kh6 53. h4 Bc4 54. Bxg7+ 1-0

[Event "Chinese League"]
[Site "Shenzhen CHN"]
[Date "2011.07.10"]
[EventDate "2011.04.12"]
[Round "8"]
[Result "1-0"]
[White "Shen Yang"]
[Black "Xin Nie"]
[WhiteElo "2443"]
[BlackElo "1970"]
[PlyCount "83"]

1. d4 d5 2. Nf3 Nf6 3. c4 c6 4. Nc3 dxc4 5. a4 Bf5 6. Ne5 Nbd7
7. Nxc4 Qc7 8. g3 e5 9. dxe5 Nxe5 10. Bf4 Nfd7 11. Bg2 f6
12. O-O Nc5 13. Ne3 Bg6 14. b4 Ne6 15. b5 Rd8 16. Qc1 Bc5
17. bxc6 bxc6 18. Bxe5 fxe5 19. Ne4 Bd4 20. Ra2 O-O 21. Rc2
Bxe3 22. Qxe3 Nd4 23. Rc5 Qe7 24. Rfc1 Bh5 25. Bf1 Bf7 26. Nd2
Bd5 27. Bg2 Nf5 28. Qc3 Nd4 29. Re1 Qf6 30. f3 Ne6 31. Ra5 Nd4
32. e4 Bf7 33. Rxa7 Bh5 34. Re3 Qd6 35. Ra5 Rb8 36. h3 Bf7
37. Kh2 Qe7 38. Rc5 Rfd8 39. Nf1 Rb3 40. Qa5 Re8 41. Rcc3 Rb2
42. Red3 1-0

[Event "Chinese League"]
[Site "Chaongqing CHN"]
[Date "2011.08.11"]
[EventDate "2011.04.12"]
[Round "10"]
[Result "1/2-1/2"]
[White "Wang Doudou"]
[Black "Shen Yang"]
[WhiteElo "2182"]
[BlackElo "2443"]
[PlyCount "69"]

1. d4 Nf6 2. c4 e6 3. Nf3 d5 4. cxd5 exd5 5. Nc3 c6 6. Bg5 h6
7. Bh4 Bf5 8. e3 Qb6 9. Qb3 Nbd7 10. Nd2 Bd6 11. Be2 O-O
12. O-O Rfe8 13. Rfc1 Re6 14. Bg3 Ne8 15. Qxb6 axb6 16. Bxd6
Nxd6 17. a4 Ree8 18. Bd1 Ra7 19. b4 Rea8 20. Bc2 Bxc2 21. Rxc2
Nb5 22. Ndb1 Nf6 23. Rca2 Nc7 24. Nd2 Kf8 25. Kf1 Ke7 26. Ke2
b5 27. axb5 Rxa2 28. Rxa2 Rxa2 29. Nxa2 Nxb5 30. f3 Kd6
31. Kd3 Kc7 32. Nb3 Kb6 33. Nc5 Kc7 34. Nb3 Kb6 35. Nc5
1/2-1/2

[Event "Chinese League"]
[Site "Chaongqing CHN"]
[Date "2011.08.12"]
[EventDate "2011.04.12"]
[Round "11"]
[Result "1-0"]
[White "Shen Yang"]
[Black "Hoang Thanh Trang"]
[WhiteElo "2443"]
[BlackElo "2459"]
[PlyCount "81"]

1. d4 e6 2. c4 f5 3. g3 Nf6 4. Bg2 Be7 5. Nf3 O-O 6. O-O d6
7. Nc3 Ne4 8. Nxe4 fxe4 9. Nd2 d5 10. f3 Nc6 11. fxe4 Rxf1+
12. Nxf1 dxc4 13. Be3 e5 14. d5 Na5 15. Nd2 Bd7 16. Qc2 b5
17. b3 cxb3 18. axb3 c6 19. Qc3 b4 20. Qd3 Qc7 21. d6 Bxd6
22. Rxa5 Qxa5 23. Qxd6 Rd8 24. Bg5 Rf8 25. Qxd7 Qc5+ 26. e3 h6
27. Qe6+ Rf7 28. Bf1 Qc1 29. Bd8 Qe1 30. Ba5 c5 31. Bc7 Qf2+
32. Kh1 Kh7 33. Bxe5 c4 34. Qxc4 Rd7 35. Bh3 Qxd2 36. Bf5+ Kh8
37. Bxd7 Qd1+ 38. Kg2 Qd2+ 39. Kf3 Qd1+ 40. Kf4 Qxd7 41. Qc7
1-0

[Event "Chinese League"]
[Site "Beijing CHN"]
[Date "2012.04.29"]
[EventDate "2012.04.28"]
[Round "2"]
[Result "1/2-1/2"]
[White "Zhang Xiaowen"]
[Black "Shen Yang"]
[WhiteElo "2354"]
[BlackElo "2440"]
[PlyCount "96"]

1. e4 e5 2. Nf3 Nc6 3. Bb5 Nf6 4. d3 Bc5 5. c3 d6 6. O-O O-O
7. Nbd2 Ne7 8. d4 exd4 9. cxd4 Bb6 10. Bd3 Bg4 11. Qa4 Ng6
12. e5 dxe5 13. Bxg6 fxg6 14. dxe5 Qd7 15. Qc4+ Nd5 16. h3 Be6
17. Ng5 h6 18. Nxe6 Qxe6 19. Nf3 c6 20. Re1 g5 21. Bd2 Rf7
22. Qg4 Re8 23. Re4 Nf6 24. Qxe6 Rxe6 25. Ra4 Nd5 26. Ba5 Nf4
27. Bxb6 axb6 28. Ra3 Rd7 29. Rb3 b5 30. a4 bxa4 31. Rxa4 b5
32. Re4 Re8 33. Rc3 Rc8 34. g3 Rd1+ 35. Kh2 Ne6 36. b4 h5
37. Kg2 Kf7 38. Ne1 c5 39. bxc5 Rxc5 40. Rf3+ Ke7 41. Ra3 Rc4
42. Rxc4 bxc4 43. Nc2 Rd3 44. Ra7+ Kf8 45. Ra8+ Kf7 46. Rc8 c3
47. Nb4 Rd4 48. Nc2 Rd3 1/2-1/2

[Event "Chinese League"]
[Site "Beijing CHN"]
[Date "2012.05.01"]
[EventDate "2012.04.28"]
[Round "4"]
[Result "1/2-1/2"]
[White "Shen Yang"]
[Black "Kateryna Lahno"]
[WhiteElo "2440"]
[BlackElo "2546"]
[PlyCount "43"]

1. d4 Nf6 2. c4 g6 3. f3 Bg7 4. e4 d6 5. Ne2 O-O 6. Be3 c5
7. Nbc3 Nbd7 8. Qd2 a6 9. Rd1 Qc7 10. dxc5 dxc5 11. Nf4 b6
12. Nfd5 Nxd5 13. Nxd5 Qd8 14. Bf4 Bd4 15. b4 e6 16. Bc7 Qh4+
17. g3 Qh5 18. g4 Qh4+ 19. Bg3 Qd8 20. Bc7 Qh4+ 21. Bg3 Qd8
22. Bc7 1/2-1/2

[Event "Chinese League"]
[Site "Taizhou CHN"]
[Date "2012.06.27"]
[EventDate "2012.04.28"]
[Round "5"]
[Result "1-0"]
[White "Zhang Jilin"]
[Black "Shen Yang"]
[WhiteElo "2257"]
[BlackElo "2440"]
[PlyCount "81"]

1. e4 e5 2. Nf3 Nc6 3. Bb5 Nge7 4. O-O g6 5. d3 Bg7 6. Bg5 h6
7. Be3 O-O 8. a4 Kh7 9. Nc3 Nd4 10. Bc4 f5 11. Bxd4 exd4
12. Ne2 c5 13. c3 fxe4 14. dxe4 d5 15. exd5 Bg4 16. cxd4 Bxf3
17. gxf3 Nf5 18. dxc5 Nh4 19. f4 Qc8 20. Qd3 Qxc5 21. Rac1
Rad8 22. Qh3 Qe7 23. Rfd1 Rd6 24. b3 Rf5 25. Kf1 a6 26. a5 Kh8
27. Rd3 Rf8 28. Re3 Qd8 29. Re6 Rxd5 30. Bxd5 Qxd5 31. Re3 Nf5
32. Rd3 Qxa5 33. Rcd1 Qb6 34. Rd7 g5 35. Qf3 gxf4 36. Qxb7 Qf6
37. Nxf4 Nd6 38. Qg2 Rf7 39. Ng6+ Kh7 40. R7xd6 Qc3 41. Nh4
1-0

[Event "Chinese League"]
[Site "Beijing CHN"]
[Date "2012.06.29"]
[EventDate "2012.04.28"]
[Round "7"]
[Result "0-1"]
[White "Wang Doudou"]
[Black "Shen Yang"]
[WhiteElo "2186"]
[BlackElo "2440"]
[PlyCount "94"]

1. d4 d5 2. c4 dxc4 3. Nf3 a6 4. a4 Nf6 5. Nc3 Nc6 6. e4 Bg4
7. d5 Ne5 8. Be2 Bxf3 9. gxf3 e6 10. dxe6 Qxd1+ 11. Kxd1 fxe6
12. Be3 Bb4 13. Kc2 O-O 14. f4 Nd3 15. e5 Bxc3 16. bxc3 Nd5
17. Bxd3 cxd3+ 18. Kxd3 Rad8 19. c4 Nxf4+ 20. Ke4 Nd3 21. Rhf1
Rf5 22. f4 g5 23. Rad1 gxf4 24. Bd4 Nb4 25. Rxf4 Nc2 26. Rg1+
Kf7 27. Bc3 Rxf4+ 28. Kxf4 Rd3 29. Rg3 Rxg3 30. hxg3 Na3
31. c5 b5 32. cxb6 cxb6 33. g4 Kg6 34. Bd2 Nc4 35. Bc3 b5
36. axb5 axb5 37. Bb4 Nb6 38. Bd2 b4 39. Ke4 b3 40. Kd3 b2
41. Kc2 Nc4 42. Bf4 Kf7 43. Bg3 Ke8 44. Be1 Nxe5 45. Bc3 Nc4
46. Bxb2 Nxb2 47. Kxb2 Kf7 0-1

[Event "Russia - China (Women)"]
[Site "St Petersburg RUS"]
[Date "2012.07.02"]
[EventDate "2012.07.02"]
[Round "1"]
[Result "1/2-1/2"]
[White "Shen Yang"]
[Black "Olga Girya"]
[WhiteElo "2425"]
[BlackElo "2414"]
[PlyCount "51"]

1. d4 d5 2. c4 c6 3. Nf3 Nf6 4. Nc3 dxc4 5. a4 Bf5 6. Ne5 Nbd7
7. Nxc4 Qc7 8. Qd2 g6 9. Qf4 Qxf4 10. Bxf4 Nd5 11. Bg3 Bg7
12. e3 Nb4 13. O-O-O Be6 14. Na5 O-O 15. Nxb7 a5 16. Nc5 Nxc5
17. dxc5 Ra7 18. Be2 Rb7 19. Rd2 Bxc3 20. bxc3 Na2+ 21. Kc2
Bb3+ 22. Kb2 Be6+ 23. Kc2 Bb3+ 24. Kb2 Be6+ 25. Kc2 Bb3+
26. Kb2 1/2-1/2

[Event "Russia - China (Women)"]
[Site "St Petersburg RUS"]
[Date "2012.07.03"]
[EventDate "2012.07.02"]
[Round "2"]
[Result "1-0"]
[White "Valentina Gunina"]
[Black "Shen Yang"]
[WhiteElo "2533"]
[BlackElo "2425"]
[PlyCount "119"]

1. d4 d5 2. c4 c6 3. Nf3 Nf6 4. Nc3 dxc4 5. a4 Bf5 6. Ne5 e6
7. f3 c5 8. e4 Bg6 9. Be3 cxd4 10. Qxd4 Qxd4 11. Bxd4 Nfd7
12. Nxd7 Nxd7 13. Bxc4 a6 14. Ke2 Rc8 15. Bb3 Rg8 16. a5 Bc5
17. Rhd1 Ke7 18. Ba4 Nb8 19. Rac1 Bb4 20. Na2 Rxc1 21. Rxc1
Bxa5 22. b4 b5 23. Bxb5 axb5 24. bxa5 Na6 25. Rc6 Ra8 26. Rb6
f6 27. Rxb5 Rb8 28. Bc5+ Kd8 29. Rxb8+ Nxb8 30. Bf8 Nc6 31. a6
Kc7 32. Nc1 f5 33. Ke3 fxe4 34. fxe4 Ne5 35. Bxg7 Ng4+ 36. Kd4
Kb6 37. Nd3 Nxh2 38. Nc5 Nf1 39. Be5 Nd2 40. Bb8 Be8 41. Bf4
Nb1 42. Nxe6 Bc6 43. Nc7 Na3 44. Nd5+ Kxa6 45. Nb4+ Kb5
46. Nxc6 Kxc6 47. Ke5 Kd7 48. Kf6 Nb5 49. Kf7 Nd4 50. e5 Ne6
51. Be3 Nd8+ 52. Kf6 Ne6 53. g4 Nf8 54. Kg7 Ng6 55. Bd4 Ke6
56. Kxh7 Nh4 57. g5 Kf5 58. Kh6 Ng6 59. e6 Ne7 60. Bc5 1-0

[Event "Russia - China (Women)"]
[Site "St Petersburg RUS"]
[Date "2012.07.04"]
[EventDate "2012.07.02"]
[Round "3"]
[Result "1-0"]
[White "Shen Yang"]
[Black "Alexandra Kosteniuk"]
[WhiteElo "2425"]
[BlackElo "2472"]
[PlyCount "141"]

1. d4 Nf6 2. c4 e6 3. Nf3 b6 4. g3 Bb4+ 5. Bd2 Bxd2+ 6. Qxd2
Ba6 7. b3 c6 8. Bg2 d5 9. O-O Nbd7 10. Rc1 O-O 11. a4 Qe7
12. Na3 Bb7 13. b4 a5 14. b5 c5 15. e3 Rfd8 16. Qb2 Ne4
17. Nd2 Nd6 18. cxd5 exd5 19. Nab1 Rac8 20. Nc3 cxd4 21. exd4
Nf6 22. Re1 Qd7 23. Re5 Nc4 24. Nxc4 dxc4 25. d5 Re8 26. Qe2
Rxe5 27. Qxe5 Qd8 28. Re1 Kf8 29. h3 Rc5 30. g4 h6 31. f4 Ne8
32. g5 hxg5 33. fxg5 Nd6 34. h4 Rc7 35. h5 Re7 36. Qxe7+ Qxe7
37. Rxe7 Kxe7 38. Kf2 Bc8 39. Ne4 Bg4 40. h6 gxh6 41. gxh6 Bf5
42. Ke3 Bxe4 43. Bxe4 Kf8 44. Kf4 f6 45. Bc2 Kg8 46. Kg4 Kf8
47. Kh5 Kf7 48. Bg6+ Kf8 49. Bb1 Kf7 50. Bc2 c3 51. Kg4 Nc4
52. Kh5 Nd6 53. Bd3 Nc8 54. Bf5 Kf8 55. Bd3 Kf7 56. Kg4 Nd6
57. Kf4 Ke7 58. h7 Nf7 59. Kf5 Nh8 60. d6+ Kf7 61. d7 Ke7
62. d8=Q+ Kxd8 63. Kxf6 Ke8 64. Kg7 Nf7 65. Bg6 Ke7 66. Bxf7
c2 67. h8=Q c1=Q 68. Qe8+ Kd6 69. Qe6+ Kc5 70. Qc6+ Kb4
71. Qxc1 1-0

[Event "Russia - China (Women)"]
[Site "St Petersburg RUS"]
[Date "2012.07.05"]
[EventDate "2012.07.02"]
[Round "4"]
[Result "1/2-1/2"]
[White "Baira Kovanova"]
[Black "Shen Yang"]
[WhiteElo "2391"]
[BlackElo "2425"]
[PlyCount "64"]

1. e4 e5 2. Nf3 Nc6 3. Nc3 Nf6 4. d4 exd4 5. Nxd4 Bb4 6. Nxc6
bxc6 7. Bd3 O-O 8. O-O d5 9. exd5 cxd5 10. h3 c6 11. Qf3 Rb8
12. a3 Bd6 13. b4 a5 14. b5 Be5 15. Bf4 Bxc3 16. Bxb8 Bxa1
17. Rxa1 cxb5 18. Be5 Bd7 19. Rb1 Ne4 20. Bxe4 dxe4 21. Qxe4
Qe7 22. Qd4 Bc6 23. Qc3 Qe6 24. Rd1 Re8 25. Rd6 Qxe5 26. Rxc6
Qxc3 27. Rxc3 Re1+ 28. Kh2 g6 29. Rc5 Ra1 30. Rxb5 Rxa3 31. c4
Rc3 32. Rxa5 Rxc4 1/2-1/2

[Event "Russia - China (Women)"]
[Site "St Petersburg RUS"]
[Date "2012.07.06"]
[EventDate "2012.07.02"]
[Round "5"]
[Result "1/2-1/2"]
[White "Shen Yang"]
[Black "Natalia Pogonina"]
[WhiteElo "2425"]
[BlackElo "2447"]
[PlyCount "67"]

1. d4 Nf6 2. c4 e6 3. Nf3 d5 4. Nc3 Be7 5. Bf4 O-O 6. e3 b6
7. Rc1 c5 8. dxc5 bxc5 9. Be2 Nc6 10. cxd5 exd5 11. O-O Be6
12. Qa4 Qb6 13. Rfd1 Rfd8 14. Qb5 c4 15. Ne5 Qxb5 16. Nxb5
Nxe5 17. Bxe5 Nd7 18. Bc7 Rdc8 19. Bg3 Rc5 20. Nc7 Rc8
21. Nxe6 fxe6 22. e4 Nf6 23. exd5 Nxd5 24. Be5 c3 25. bxc3
Nxc3 26. Bxc3 Rxc3 27. Rxc3 Rxc3 28. Bd3 Bg5 29. Kf1 Rc1
30. Rxc1 Bxc1 31. Bc4 Kf7 32. Ke2 Kf6 33. Kd3 g5 34. Ke4
1/2-1/2

[Event "FIDE Knock-out Women's World Championship"]
[Site "Khanty-Mansiysk RUS"]
[Date "2012.11.11"]
[EventDate "2012.11.11"]
[Round "1.1"]
[Result "0-1"]
[White "Shen Yang"]
[Black "Huang Qian"]
[WhiteElo "2413"]
[BlackElo "2465"]
[PlyCount "88"]

1. d4 Nf6 2. c4 g6 3. Nc3 Bg7 4. e4 d6 5. Nf3 O-O 6. Be2 e5
7. O-O c6 8. d5 Na6 9. Be3 Ng4 10. Bg5 f6 11. Bd2 f5 12. a3
Nf6 13. b4 c5 14. Rb1 h6 15. Nh4 Nxe4 16. Nxe4 Qxh4 17. Nxd6
Rd8 18. Nxc8 Raxc8 19. Qa4 Qf6 20. Rfd1 Bf8 21. Bc3 Qd6
22. Qa5 Ra8 23. Rb3 Bg7 24. Bd2 Rdc8 25. Be3 f4 26. Bd2 e4
27. b5 Nb8 28. b6 a6 29. Bg4 Re8 30. g3 e3 31. Be1 h5 32. Bh3
Nc6 33. Qa4 Nd4 34. Rbd3 Re7 35. fxe3 fxe3 36. Rb1 e2 37. Bg2
Rf8 38. h4 Bh6 39. Kh2 Be3 40. Qa5 Rf1 41. Qc3 Bg1+ 42. Kh1
Bf2+ 43. Kh2 Rxe1 44. Rxe1 Bxe1 0-1

[Event "Women's World Team Championship"]
[Site "Astana KAZ"]
[Date "2013.03.03"]
[EventDate "2013.03.03"]
[Round "1.4"]
[Result "1/2-1/2"]
[White "Natacha Benmesbah"]
[Black "Shen Yang"]
[WhiteElo "2266"]
[BlackElo "2415"]
[PlyCount "78"]

1. e4 e5 2. Nf3 Nc6 3. Bc4 Bc5 4. c3 Nf6 5. d3 a6 6. O-O Ba7
7. Re1 d6 8. Bb3 h6 9. h3 O-O 10. Nbd2 Re8 11. Nf1 d5 12. exd5
Nxd5 13. d4 e4 14. N3d2 Na5 15. Nxe4 Nxb3 16. axb3 Bf5
17. Neg3 Bg6 18. Rxe8+ Qxe8 19. Qf3 c6 20. Bd2 Qd7 21. Re1 Re8
22. Rxe8+ Qxe8 23. Nf5 Qe6 24. N1g3 Nf6 25. c4 Ne4 26. Qxe4
Qxe4 27. Nxe4 Bxf5 28. Nd6 Bc2 29. c5 Bxb3 30. Nxb7 Bb8 31. f3
Kf8 32. Kf2 Ke7 33. Na5 Bd5 34. Ke3 Bc7 35. Nb7 Kd7 36. Ba5
Bg3 37. Kd3 Kc8 38. Nd6+ Bxd6 39. cxd6 Kd7 1/2-1/2